000 00375nam a22001457a 4500
003 OSt
005 20160727222359.0
008 160623b xxu||||| |||| 00| 0 eng d
040 _cTEST
100 _9632
_aBoylston, H, D
245 _aFounder of the American Red Cross
260 _aNEW YORK
_bRANDOM HOUSE
_c1955
300 _aFounder of the American Red Cross
942 _2ddc
_cBK
999 _c515
_d515